000 00368nab a22001097u 4500
008 130520b1983 xxu||||| |||| 00| 0 ita d
041 _aita
100 1 _aBertoni, Italo
_962679
245 0 0 _aFigure etico-religiose di una metafisica del dolore
_cItalo Bertoni
773 0 _tRivista di Filosofia Neo-Scolastica
_gV.75,1983,págs. 288-298
_x0035-6247
_wRev392
942 _cAR
999 _c338536
_d338536